| 000 | 00511nam a2200193Ia 4500 | ||
|---|---|---|---|
| 003 | OSt | ||
| 005 | 20250212140201.0 | ||
| 008 | 210210b1937 xxu||||| |||| 00| 0 eng d | ||
| 040 | _cAL | ||
| 041 | _ahin | ||
| 082 | _a862/70 | ||
| 100 |
_aNEHRU (Javaharlal): _9199409 |
||
| 110 |
_bनेहरू (जवाहरलाल) _9199410 |
||
| 245 |
_aKuch samasyayen: _bकुछ समस्याएं |
||
| 260 |
_aPatna _b- _c1937 |
||
| 690 |
_aHindi Prose _9199413 |
||
| 906 | _a023315 | ||
| 942 |
_2ddc _cBK |
||
| 999 |
_c148275 _d148275 |
||